La United Fruit Company: un siècle d_ordre bananeir en Amérique Latine /
Bewaard in:
| Hoofdauteur: | |
|---|---|
| Formaat: | Texto |
| Onderwerpen: | |
| Tags: |
Voeg label toe
Geen labels, Wees de eerste die dit record labelt!
|
MARC
| LEADER | 00000 a a2200000 04500 | ||
|---|---|---|---|
| 001 | 8973 | ||
| 003 | |||
| 040 | |a CRAI/IIS |c CRAI/IIS | ||
| 100 | |a Dasso, Etienne | ||
| 245 | |a La United Fruit Company: |b un siècle d_ordre bananeir en Amérique Latine / |c Etienne Dasso | ||
| 650 | |a EMPRESAS TRANSNACIONALES | ||
| 650 | |a ANALISIS HISTORICO | ||
| 650 | |a ANALISIS INSUMO | ||
| 650 | |z -PRODUCTO | ||
| 650 | |a ANALISIS POLITICO | ||
| 650 | |a CONDICIONES DE TRABAJO | ||
| 650 | |a SINDICALISMO | ||
| 650 | |a MOVIMIENTO SOLIDARISTA | ||
| 650 | |a COMERCIO | ||
| 773 | |g número 186; páginas 5-22 | ||
| 999 | |c 20211 |d 20211 | ||
